LEADER 02984nam0 2200613 i 450 001 VAN0124679 005 20230628031941.403 017 70$2N$a9783319782478 100 $a20191023d2018 |0itac50 ba 101 $aeng 102 $aCH 105 $a|||| ||||| 200 1 $aFinite Blaschke Products and Their Connections$fStephan Ramon Garcia, Javad Mashreghi, William T. Ross 210 $aCham$cSpringer$d2018 215 $axix, 328 p.$cill.$d24 cm 500 1$3VAN0236246$aFinite Blaschke Products and Their Connections$94182781 606 $a30Axx$xGeneral properties of functions of one complex variable [MSC 2020]$3VANC028784$2MF 606 $a30C15$xZeros of polynomials, rational functions, and other analytic functions of one complex variable (e.g., zeros of functions with bounded Dirichlet integral [MSC 2020]$3VANC021625$2MF 606 $a30E10$xApproximation in the complex plane [MSC 2020]$3VANC021681$2MF 606 $a30Jxx$xFunction theory on the disc [MSC 2020]$3VANC035328$2MF 606 $a47A12$xNumerical range, numerical radius [MSC 2020]$3VANC024717$2MF 606 $a47A30$xNorms (inequalities, more than one norm, etc.) of linear operators [MSC 2020]$3VANC021652$2MF 606 $a47N50$xApplications of operator theory in the physical sciences [MSC 2020]$3VANC029010$2MF 610 $aBlaschke Products$9KW:K 610 $aComplex Analysis$9KW:K 610 $aDarlington synthesis problem$9KW:K 610 $aFinite Blaschke products$9KW:K 610 $aFinite-dimensional model spaces$9KW:K 610 $aFunctional Analysis$9KW:K 610 $aGauss-Lucas theorem$9KW:K 610 $aGroup theory$9KW:K 610 $aHilbert spaces$9KW:K 610 $aLagrange Interpolation$9KW:K 610 $aMobius Transformations$9KW:K 610 $aOperator theory$9KW:K 610 $aPolynomials$9KW:K 610 $aReal complex functions$9KW:K 620 $aCH$dCham$3VANL001889 700 1$aGarcia$bStephan R.$3VANV096118$01749040 701 1$aMashreghi$bJavad$3VANV096119$0472603 701 1$aRoss$bWilliam T.$3VANV096120$067076 712 $aSpringer $3VANV108073$4650 790 1$aGarcia, Stephan Ramon$zGarcia, Stephan R.$3VANV232746 790 1$aGarcia, S.R.$zGarcia, Stephan R.$3VANV232747 790 1$aGarcia, S. R.$zGarcia, Stephan R.$3VANV232748 790 1$aRoss, William T. jun.$zRoss, William T.$3VANV096121 801 $aIT$bSOL$c20240802$gRICA 856 4 $uhttp://doi.org/10.1007/978-3-319-78247-8$zE-book ? Accesso al full-text attraverso riconoscimento IP di Ateneo, proxy e/o Shibboleth 899 $aBIBLIOTECA DEL DIPARTIMENTO DI MATEMATICA E FISICA$1IT-CE0120$2VAN08 912 $fN 912 $aVAN0124679 950 $aBIBLIOTECA DEL DIPARTIMENTO DI MATEMATICA E FISICA$d08CONS e-book 1135 $e08eMF1135 20191023 996 $aFinite Blaschke Products and Their Connections$94182781 997 $aUNICAMPANIA LEADER 02630nam0 22005533i 450 001 VAN00249176 005 20240806101417.790 017 70$2N$a978-3-030-36533-2 100 $a20220805d2020 |0itac50 ba 101 $aeng 102 $aCH 105 $a|||| ||||| 200 1 $aFoundations of the Theory of Parthood$eA Study of Mereology$fAndrzej Pietruszczak$gTranslated by Matthew Carmody 210 $aCham$cSpringer$d2020 215 $axxiii, 285 p.$cill.$d24 cm 410 1$1001VAN00103150$12001 $aTrends in logic$estudia logica library$1210 $aBerlin [etc.]$cSpringer$d1997-$v54 500 1$3VAN00249177$aPodstawy teorii cz??ci$92902507 606 $a00A30$xPhilosophy of mathematics [MSC 2020]$3VANC020829$2MF 606 $a03-XX$xMathematical logic and foundations [MSC 2020]$3VANC019750$2MF 606 $a03A05$xPhilosophical and critical aspects of logic and foundations [MSC 2020]$3VANC024501$2MF 606 $a03E20$xOther classical set theory (including functions, relations, and set algebra) [MSC 2020]$3VANC024408$2MF 606 $a03E30$xAxiomatics of classical set theory and its fragments [MSC 2020]$3VANC024397$2MF 610 $aBounded axioms of mereological sum$9KW:K 610 $aExistentially neutral theories of parthood$9KW:K 610 $aFoundations of Mereology$9KW:K 610 $aGrzegorczyk lattices$9KW:K 610 $aGrzegorczyk mereology$9KW:K 610 $aLe?niewski mereology$9KW:K 610 $aMereological Sum Existence Axioms$9KW:K 610 $aMereological fusion$9KW:K 610 $aMereological sum$9KW:K 610 $aMereology$9KW:K 610 $aMereology and Boolean algebras$9KW:K 610 $aNon-transitive theories of parthood$9KW:K 610 $aSupplementation principles in mereology$9KW:K 610 $aTransitivity of Parthood$9KW:K 610 $aWeak Systems of Mereology$9KW:K 620 $aCH$dCham$3VANL001889 700 1$aPietruszczak$bAndrzej$3VANV203831$0922655 702 1$aCarmody$bMatthew$3VANV203832$4730 712 $aSpringer $3VANV108073$4650 801 $aIT$bSOL$c20250321$gRICA 856 4 $uhttp://doi.org/10.1007/978-3-030-36533-2$zE-book ? Accesso al full-text attraverso riconoscimento IP di Ateneo, proxy e/o Shibboleth 899 $aBIBLIOTECA DEL DIPARTIMENTO DI MATEMATICA E FISICA$1IT-CE0120$2VAN08 912 $fN 912 $aVAN00249176 950 $aBIBLIOTECA DEL DIPARTIMENTO DI MATEMATICA E FISICA$d08DLOAD e-book 4660 $e08eMF4660 20220805 996 $aPodstawy teorii cz??ci$92902507 997 $aUNICAMPANIA